Common mistakes at IELTS intermediate - and how to avoid them

Αποθηκεύτηκε σε:
Λεπτομέρειες βιβλιογραφικής εγγραφής
Κύριος συγγραφέας: Cullen, Pauline
Μορφή: Βιβλίο
Γλώσσα:English
Δημοσίευση: Cambridge : Cambridge University Press, c2007
Σειρά:Cambridge books for Cambridge exams
Θέματα:
Ετικέτες: Προσθήκη ετικέτας
Δεν υπάρχουν, Καταχωρήστε ετικέτα πρώτοι!

MARC

LEADER 00000nam a2200000 i 4500
001 1/90724
008 080708s2007 eng d
020 |a 978-0-521-69246-5 
035 |l 10098813 
040 |a GR-MY-UA  |b gre  |e aacr 
041 0 |a eng 
082 0 |a 428.24  |2 (22) 
100 1 |a Cullen, Pauline. 
245 1 0 |a Common mistakes at IELTS intermediate - and how to avoid them /  |c Pauline Cullen 
260 |a Cambridge :   |b Cambridge University Press,   |c c2007 
300 |a 64 σ.;  |b εικ.;  |c 21 εκ. 
490 1 |a Cambridge books for Cambridge exams 
650 0 0 |a English language  |x Study and teaching  |x Foreign speakers. 
650 0 0 |a International English Language Testing System. 
650 0 0 |a English language  |x Examinations  |x Study guides. 
650 0 0 |a Universities and colleges  |x Entrance requirements. 
830 0 |a Cambridge books for Cambridge exams 
852 |a INST  |b SYROS  |e 20080708  |h 428.24 CUL  |p 005500005699  |q 005500005699  |t BK  |y 0 
901 |a BIBL5-2008-2 
909 |a Ε  |b 141941 
922 |a 5ΕΛΗ  |b 200711  |c ΕΠΕΑΕΚ2/ΤΜΣΠΣ  |d ΠΑΠΑΣΩΤΗΡΙΟΥ 
970 |a ΚΑΓΙΑΒΑ  |b ΕΙΡΗΝΗ  |z 2008/07/08